000 00598cab a2200229 4500
001 ABS42608
008 090401t1990 xxu||||| |||| 00| 0 eng d
035 _a(Sirsi) u37830
041 _aeng
100 _aJames, J.
245 4 _aThe Capital Allowances Bill
260 _c1990
350 _a0
490 _aEstates Gazette
_v(9014) 7 April 1990, 22-58(2)
520 _aWelcomes the Capital Allowances Bill and comments on some of the implications.
650 _aENTERPRISE ZONES
650 _aMACHINERY
650 _aPLANT
690 _aTAXATION
942 _n0
948 _c04/03/1997
999 _c24342
_d24342